| 000 | 00790nam a2200301 a 4500 | ||
|---|---|---|---|
| 003 | AR-BaBNM | ||
| 005 | 20251128203446.0 | ||
| 008 | 082120s2002 ||||||||||||||000 | spa|| | ||
| 040 | _cAR-BaBNM | ||
| 100 | 1 | _aPortuondo, Fernando | |
| 245 | 0 | 0 | _aHistoria de Cuba 1492-1898 |
| 250 | _a6ª ed. | ||
| 260 |
_aLa Habana _bPueblo y Educación _c1975 |
||
| 300 |
_a602 p. _bláms., il., gráfs., mapas |
||
| 500 | _aContiene índice analítico p. 579-599 | ||
| 600 | 0 | 4 | _aJosé Marti |
| 650 | 4 | _aPERIODO HISPANICO | |
| 650 | 4 | _aPERIODO INDEPENDIENTE | |
| 650 | 4 | _aREVOLUCION | |
| 650 | 4 | _aDEMOGRAFIA | |
| 650 | 4 | _aSOCIEDAD | |
| 650 | 4 | _aECONOMIA | |
| 650 | 4 | _aHISTORIA ECONOMICA | |
| 650 | 4 | _aHISTORIA DE LAS COSTUMBRES | |
| 651 | 4 | _aCuba | |
| 942 | _cBK | ||
| 998 | _cmariana | ||
| 999 |
_c3482 _d3482 |
||